| 000 | 00590nam a2200193Ia 4500 | ||
|---|---|---|---|
| 005 | 20260429112208.0 | ||
| 008 | 260429s9999||||xx |||||||||||||| ||und|| | ||
| 020 | _a9789387488595 | ||
| 041 | _aEnglish | ||
| 082 |
_a915.48 _bHOO |
||
| 100 | _aHoole, Elijah | ||
| 245 | 0 |
_aMadras, Mysore and the south of India : _ba personal narrative of a mission to those countries / _cElijah Hoole |
|
| 250 | _a1st ed. | ||
| 260 |
_aChennai : _bMaven Books, _c2023. |
||
| 300 | _axlviii, 443 p.; hb | ||
| 650 | _a Missionary history | ||
| 650 | _aSouth India-Description and travel | ||
| 942 | _cTB | ||
| 999 |
_c52832 _d52832 |
||